000 00252nam a2200109Ia 4500
008 190216s9999||||xx |||||||||||||| ||und||
100 _aMuhiyaddin A M
245 0 _aArab Lokam
260 _bC I C C Book House
650 _aIslamic History
942 _cBK
999 _c21929
_d21929